00847nam a2200253Ia 450000500170000000800410001702000180005810000180007624500970009425000110019130000420020253400230024465000380026765000380030565000290034365000340037270000220040626400310042833600270045933700330048633800280051904000350054708400110058220220317000146.0141031s9999 xx 000 0 und d a978842613403510aCooper, Helen10aUna pizca de pimienta cTexto e ilustraciones de Helen Cooper; traducción Christiane Reyes a2a ed. a29 páginas bilustraciones c27 cm. tA pipkin of pepper14aCuentos infantiles ingleses2LEMB14aLiteratura infantil inglesa2LEMB14a Autores ingleses 2LEMB14aComida en la literatura2LEMB10aReyes, Christiane aBarcelona bJuventudc2008 atextobtxt2rdacontent asin mediaciónbn2rdamedia avolumenbnc2rdacarrier aCO-BoRNBPbspaerdacCO-BoRNBP aC COO1